Survivor Name Ladder 7 - Statistics

General Stats
  • This quiz has been taken 54 times
  • The average score is 15 of 20
Answer Stats
Picture Answer % Correct
Erika
98%
Amanda
91%
Caleb
85%
Erinn
85%
Phillip
83%
Will
83%
Alec
80%
LJ
76%
Nadiya
76%
Owen
76%
Matthew
72%
Rafe
72%
JP
70%
Rodger
70%
Adam
67%
Brando
67%
Peter
63%
Nina
57%
Nicole
54%
Austin
41%
No matching quizzes found
Score Distribution
Percent of People with Each Score
Percentile by Number Answered
Your Score History
You have not taken this quiz